000 00241nam a2200097Ia 4500
001 709313
005 20250826162544.0
008 250824s9999 xx 000 0 und d
245 0 _aANNEM NEDEN ÇILDIRDI
_cAYTÜL AKAL
260 _bTUDEM YAYINLARI
999 _c709313
_d709313